000 00740cab a2200217 4500
001 WB3217-44
008 090401t1996 xxu||||| |||| 00| 0 eng d
035 _a(Sirsi) u8716
041 _aeng
245 _aFarmland market remains strong
260 _c1996
350 _a0
490 _aRICS Press Release
_vPR51.RUR 30 April 1996, (4)
520 _aThe RICS Farmland Price Index & Survey for 1Q 1996 shows a marked increase in area sold and average land prices rising by 9% since last quarter.
650 _aPROPERTY-RURAL AND NATURAL ASSETS-AGRICULTURAL PROPERTY-AGRICULTURAL LAND
650 _aFARMLAND PRICES
650 _aRICS FARMLAND PRICE INDEX AND SURVEY
690 _aRURAL PRACTICE
942 _n0
948 _c04/03/1997
999 _c5405
_d5405